000 00366 a2200121 4500
001 ART_15606
005 20260410161735.0
008 260409a
245 1 0 _aLa sociedad se mira en el espejo
100 1 _aDagnino Pastore, José María
700 1 _aFloria, Carlos A.
773 0 _tEjecutivos de finanzas
_g- Año 9, Nº 79 (nov. 1991)
_wREV2863
999 _c18256
_d18256